000 00550nam a2200205Ia 4500
005 20250326144514.0
008 250326s9999 xx 000 0 und d
037 _aTextbook
040 _aFMSL
_beng
_cFMSL
041 _aeng
_2eng
084 _aX:89Q P8
_qFMSL
100 _aCrawford M
_998694
245 0 _aNew products management
_cCrawford M; Benedetto A Di
250 _a9
260 _aNew Delhi
_bNew Delhi, McGraw Hill
_c2008
300 _a558p
365 _b1711.152
942 _cTB
_hX:89Q P8
999 _c1303964
_d1303964